| 000 | 00799nam a2200265 i 4500 | ||
|---|---|---|---|
| 001 | 000038539 | ||
| 003 | DO-SdBNP | ||
| 005 | 20260210093953.0 | ||
| 008 | 260210s2012 dr ac r 000 0 spa d | ||
| 020 | _a9789945140965 | ||
| 040 |
_aDO-SdBNP _bspa _cBNPHU _erda |
||
| 041 | _aspa | ||
| 082 |
_axxxx _bG216b _222 |
||
| 100 | 1 |
_aGarcia Alecont _eautor _964878 |
|
| 245 | 1 | 0 |
_aLos buenos modales en el comportamiento social / _cVictor Francisco Garcia Alecont |
| 250 | _aTercera edición | ||
| 264 |
_aSanto Domingo : _bEditora Corripio _c2012 |
||
| 300 |
_a449 páginas : _bil.ustraciones ; _c24 cm. |
||
| 336 |
_ardacontent _btexto _2txt |
||
| 337 |
_ardamedia _bsin mediación _2n |
||
| 338 |
_ardacarrier _bvolumen _2nc |
||
| 590 | _aInventariado, 2026/DG | ||
| 910 | _aDG | ||
| 942 |
_2ddc _cLBS1 |
||
| 999 |
_c60279 _d60279 |
||